LIBRARY & INFORMATION CENTRE, KCAET, TAVANUR

ONLINE PUBLIC ACCESS CATALOGUE (OPAC)

IBPS Bank PO 20 practice Sets (Record no. 13835)

MARC details
000 -LEADER
fixed length control field 00420nam a22001697a 4500
003 - CONTROL NUMBER IDENTIFIER
control field OSt
008 - FIXED-LENGTH DATA ELEMENTS--GENERAL INFORMATION
fixed length control field 240203b |||||||| |||| 00| 0 eng d
020 ## - INTERNATIONAL STANDARD BOOK NUMBER
ISBN 978 81 8348 841 9
041 ## - LANGUAGE CODE
Language code of text/sound track or separate title eng
082 ## - DEWEY DECIMAL CLASSIFICATION NUMBER
Classification number 658.002 SRI/IB
100 ## - MAIN ENTRY--AUTHOR NAME
Personal name Srivastava V S
245 ## - TITLE STATEMENT
Title IBPS Bank PO 20 practice Sets
260 ## - PUBLICATION, DISTRIBUTION, ETC. (IMPRINT)
Place of publication New Delhi
Name of publisher Arihant Publications
300 ## - PHYSICAL DESCRIPTION
Number of Pages 584
650 ## - SUBJECT ADDED ENTRY--TOPICAL TERM
Topical Term Banking exam guide
942 ## - ADDED ENTRY ELEMENTS (KOHA)
Koha item type Books
Holdings
Withdrawn status Lost status Damaged status Collection code Home library Current library Shelving location Date acquired Source of acquisition Cost, normal purchase price Full call number Accession Number Koha item type
      General Books KAUAET KAUAET Reference 31/03/2012 Penta Books,Calicut 265.00 658.002 SRI/IB 23477 Books
free website counter